Winter Athletes to Country #2 - Statistics

General Stats
  • This quiz has been taken 12 times
  • The average score is 13 of 16
Answer Stats
Athlete Country % Correct
Marcel Hirscher Austria
92%
Li Jianrou China
92%
Martin Schmitt Germany
92%
Noriaki Kasai Japan
92%
Justyna Kowalczyk Poland
92%
Park Seung-hi South Korea
92%
Jamie Anderson USA
92%
Heidi Weng Norway
83%
Adelina Sotnikova Russia
83%
Darya Domracheva Belarus
75%
Ivica Kostelić Croatia
75%
Vita Semerenko Ukraine
75%
Ireen Wüst Netherlands
67%
Tina Maze Slovenia
67%
Elizabeth Yarnold Great Britain
58%
Alexandre Bilodeau Canada
42%
No matching quizzes found
Score Distribution
Percent of People with Each Score
Percentile by Number Answered
Your Score History
You have not taken this quiz